000 00262nam a22001217a 4500
008 170919b xxu||||| |||| 00| 0 eng d
041 _aeng
080 _a7
100 _a44
101 _aART
245 _aHISTORY RENAISSANCE ART
_cHART.F
942 _2udc
_cBK
999 _c28195
_d28195